000 01521nam a2200409 i 4500
001 42372
003 KOSZ 005
005 20200317083002.0
008 030215s2002 pl a f f |000 0 pol
020 _a832042769X
040 _cKOSZ 005
_aKOSZ 005
_dKOSZ 005/HR
080 _a621.01:744
080 _a(075.8)
100 1 _aDobrzański, Tadeusz
_eAutor
245 1 0 _aRysunek techniczny maszynowy /
_cTadeusz Dobrzański.
250 _aWyd. 22 zm.
260 _aWarszawa :
_bWydawnictwa Naukowo-Techniczne,
_c2002.
300 _a214, [2] s. :
_bil. ;
_c29 cm.
336 _2rdacontent
_aTekst
_btxt
337 _2rdamedia
_aBez urządzenia pośredniczącego
_bn
338 _2rdacarrier
_aWolumin
_bnc
380 _aKsiążki
380 _aPublikacje fachowe
380 _aPublikacje dydaktyczne
385 _mPoziom nauczania
_aSzkoły wyższe
388 _a2001-
504 _aWykaz norm. Indeks.
521 _aDla personelu inż.-tech. biur konstrukcyjnych i projektowych oraz zakładów przemysłowych, dla słuchaczy uczelni i szkół tech.
650 7 _aMaszyny
655 7 _aRysunek techniczny
655 7 _aPodręczniki akademickie
658 _aInżynieria i technika
710 2 _aWydawnictwa Naukowo-Techniczne
_4pbl.
856 _uhttp://koha.tu.koszalin.pl/cgi-bin/koha/opac-detail.pl?biblionumber=42372
_yKatalog online BPK
942 _cKS
_2UKD
999 _c42372
_d42372